The maintains /

Bibliographic Details
Main Author: Coolidge, Clark, 1939-
Format: Book
Language:English
Published: [Oakland Calif.] : This Press ; [1974]

MARC

Tag First Indicator Second Indicator Subfields
LEADER 00000cam a2200000 i 4500
001 in00000511665
005 20151013062305.0
008 751021s1974 cau 00010 eng
010 |a  76353141  
035 |a (OCoLC)01722262 
035 |9 ACD2378AM 
040 |a YSM  |c YSM  |d OCL  |d TXA  |d UtOrBLW 
049 |a TXAM  |c [1106554] 
050 0 0 |a PS3553.O57  |b M3 
100 1 |a Coolidge, Clark,  |d 1939- 
245 1 4 |a The maintains /  |c Clark Coolidge. 
264 1 |a [Oakland Calif.] :  |b This Press ;  |c [1974] 
264 2 |a Berkeley, Calif. :  |b Distributed by Serendipity Books Distribution, 
264 4 |c ©1974 
300 |a 98 pages ;  |c 22 cm. 
336 |a text  |b txt  |2 rdacontent 
337 |a unmediated  |b n  |2 rdamedia 
338 |a volume  |b nc  |2 rdacarrier 
500 |a Poems. 
999 |a MARS 
999 f f |s 04eccc80-7f05-387b-aa2e-cf2016f63685  |i 252cf9b7-f9d7-3c2f-854b-d670e1eed50d  |t 0 
952 f f |p ric  |a Texas A&M University  |b Rellis Campus  |c Joint Library Facility  |d Remote Storage  |t 0  |e PS3553.O57 M3  |h Library of Congress classification  |i unmediated -- volume  |m A14804120875 
998 f f |a PS3553.O57 M3  |t 0  |l Remote Storage